000 00626nam a2200277Ia 4500
005 20260324123751.0
008 008 260324s9999 xx 000 0 eng d
020 _a9781315249902
037 _aEBOOK
040 _aCRL
040 _beng
040 _cCRL
041 _2eng
041 _aeng
084 _qCRL
100 _aRon Basu
_9972299
245 0 _aManaging Project Supply Chains
260 _bTaylor and Francis
260 _c2011
365 _a
365 _b300
856 _uhttp://www.taylorfrancis.com/books/9781315249902
942 _cEBOOK
999 _c1765372
_d1765372